Statistics for All Countries Where the Majority of Population Live in Rural Areas

Click here to take the quiz!

General Stats

  • This quiz has been taken 73 times
  • The average score is 50 of 65

Answer Stats

Continent%Answer% Correct
Asia64.6India
93%
Africa53.7D. R. Congo
91%
Africa55.2Mali
89%
Asia62.5Pakistan
89%
Asia75.3Cambodia
87%
Africa71.5Kenya
87%
Asia63.0Laos
87%
Africa83.2Niger
87%
Asia86.5Papua New Guinea
87%
Africa74.4Uganda
87%
Africa57.3Central African Republic
85%
Africa76.2Chad
85%
Africa64.0Tanzania
85%
Africa77.8Ethiopia
84%
Africa53.2Somalia
84%
Africa79.4South Sudan
84%
Asia73.6Afghanistan
82%
Asia56.9Bhutan
82%
Africa85.9Burundi
82%
Africa58.0Eritrea
82%
Africa62.3Mozambique
82%
Asia68.5Myanmar
82%
Africa82.4Rwanda
82%
Africa64.4Sudan
82%
Asia72.2Tajikistan
82%
Asia62.8Kyrgyzstan
80%
Africa82.3Malawi
80%
Asia78.9Nepal
80%
Asia61.9Vietnam
80%
Africa67.7Zimbabwe
80%
Africa60.7Madagascar
78%
Oceania74.8Solomon Islands
78%
Oceania76.9Tonga
78%
Asia61.0Bangladesh
76%
Africa75.6Eswatini
76%
Africa70.5Lesotho
76%
North America81.0Saint Lucia
76%
Africa56.6Togo
76%
Africa54.8Zambia
76%
Africa68.7Burkina Faso
75%
North America69.0Saint Kitts and Nevis
75%
Oceania82.2Samoa
75%
Oceania74.3Vanuatu
75%
North America53.8Belize
73%
Africa62.7Guinea
73%
Africa55.3Guinea-Bissau
73%
Asia52.3Philippines
73%
Africa51.0Benin
71%
South America73.1Guyana
71%
Europe57.0Moldova
71%
North America75.6Antigua and Barbuda
69%
North America68.6Barbados
69%
North America63.3Grenada
69%
Africa51.4Senegal
69%
Africa56.6Sierra Leone
69%
Africa70.3Comoros
67%
Asia61.4Yemen
67%
Asia81.1Sri Lanka
65%
Asia68.3East Timor
64%
Africa59.2Mauritius
64%
Oceania76.9F. S. of Micronesia
62%
Africa57.1Egypt
56%
Asia58.9Maldives
56%
Europe85.5Liechtenstein
44%
Europe50.5Bosnia and Herzegovina
40%

Score Distribution

Percentile by Number Answered

Percent of People with Each Score

Your Score History

You have not taken this quiz